[Event "CZE-chT2C 2223"]
[Site "Czech Republic"]
[Date "2023.01.08"]
[Round "6.5"]
[White "Filipi, Stepan"]
[Black "Lastovka, Jan"]
[Result "1/2-1/2"]
[WhiteElo "2214"]
[BlackElo "2065"]
[PlyCount "106"]
[EventDate "2022.10.16"]
[EventType "team-tourn"]
[EventRounds "11"]
[EventCountry "CZE"]
[SourceTitle "EXT 2024"]
[Source "ChessBase"]
[SourceDate "2023.10.10"]
[SourceVersion "1"]
[SourceVersionDate "2023.10.10"]
[SourceQuality "1"]
[WhiteTeam "Vysehrad"]
[BlackTeam "Liberec"]
[WhiteTeamCountry "CZE"]
[BlackTeamCountry "CZE"]

1. e4 Nf6 2. e5 Nd5 3. c4 Nb6 4. d4 d6 5. exd6 cxd6 6. Nc3 g6 7. Be3 Bg7 8. Rc1 0-0 9. b3 Nc6 10. Be2 h6 11. d5 Ne5 12. f4 Ned7 13. Nf3 Nf6 14. 0-0 Bg4 15. h3 Bxf3 16. Bxf3 Nbd7 17. Bd4 Nh7 18. Re1 Re8 19. Kh2 a6 20. b4 Rc8 21. Bxg7 Kxg7 22. Qd4+ Nhf6 23. Ne4 b6 24. Bg4 Rb8 25. Bxd7 Qxd7 26. Nxf6 exf6 27. Rxe8 Qxe8 28. c5 bxc5 29. bxc5 dxc5 30. Rxc5 Rd8 31. d6 Qe6 32. Rc6 a5 33. a4 h5 34. Ra6 Rd7 35. Qd3 h4 36. Qd2 Rd8 37. Qf2 Rxd6 38. Rxa5 Rd1 39. Ra8 Qe4 40. Rb8 g5 41. a5 Ra1 42. Qd2 Qc4 43. Qd6 Qxf4+ 44. Qxf4 gxf4 45. Rb4 Rxa5 46. Rxf4 Rh5 47. Kg1 Kg6 48. Rg4+ Kf5 49. Ra4 Rh8 50. Kf2 Kg5 51. Rg4+ Kh5 52. Rf4 Kg5 53. Rg4+ Kh5 1/2-1/2

[Event "CZE-chT2C 2223"]
[Site "Czech Republic"]
[Date "2022.10.16"]
[Round "1.5"]
[White "Filipi, Stepan"]
[Black "Hosticka, Frantisek"]
[Result "1/2-1/2"]
[WhiteElo "2214"]
[BlackElo "2024"]
[PlyCount "156"]
[EventDate "2022.10.16"]
[EventType "team-tourn"]
[EventRounds "11"]
[EventCountry "CZE"]
[SourceTitle "EXT 2024"]
[Source "ChessBase"]
[SourceDate "2023.10.10"]
[SourceVersion "1"]
[SourceVersionDate "2023.10.10"]
[SourceQuality "1"]
[WhiteTeam "Vysehrad"]
[BlackTeam "Kolin"]
[WhiteTeamCountry "CZE"]
[BlackTeamCountry "CZE"]

1. e4 Nf6 2. e5 Nd5 3. c4 Nb6 4. d4 d6 5. exd6 exd6 6. Nc3 Be7 7. Be2 0-0 8. Nf3 Bg4 9. 0-0 Nc6 10. b3 Re8 11. h3 Bh5 12. Be3 Bf6 13. Rc1 h6 14. Qd2 Nb8 15. Rfd1 c6 16. Nh2 Bxe2 17. Nxe2 d5 18. Ng3 N8d7 19. Ng4 Bg5 20. Bxg5 hxg5 21. Nf5 Nf8 22. c5 Nc8 23. Re1 Ne6 24. Ne5 Rf8 25. Rc3 Qf6 26. Rf3 Nf4 27. Qc2 Ne7 28. Nd6 Neg6 29. Nd7 Qxd4 30. Nxf8 Rxf8 31. Qc3 Qf6 32. Qxf6 gxf6 33. g3 Nxh3+ 34. Kg2 g4 35. Rxf6 Ng5 36. Rf5 Ne6 37. b4 Nd4 38. Rg5 Nf3 39. Rxg6+ fxg6 40. Re7 b6 41. cxb6 axb6 42. a4 Ra8 43. Re8+ Rxe8 44. Nxe8 Ne1+ 45. Kf1 Nd3 46. a5 Nxb4 47. axb6 Na6 48. Nf6+ Kf7 49. Nxg4 Ke6 50. f4 c5 51. Ke2 d4 52. b7 Kd5 53. Ne5 g5 54. Nd3 gxf4 55. g4 Nb8 56. g5 c4 57. Nxf4+ Ke5 58. g6 Kf6 59. Kf3 d3 60. Ke3 Nc6 61. Kd2 Nb8 62. Kc3 Nd7 63. Kd2 Nb8 64. Ke3 Nd7 65. Nd5+ Kxg6 66. Nb6 Nb8 67. Nxc4 Kf6 68. Kd4 Ke6 69. Kc5 Nd7+ 70. Kc6 Nb8+ 71. Kb6 Kd5 72. Nd2 Kd4 73. Kc7 Na6+ 74. Kc8 Ke3 75. Nc4+ Ke2 76. b8Q Nxb8 77. Kxb8 d2 78. Nxd2 Kxd2 1/2-1/2

[Event "CZE-chT1W 1819"]
[Site "Czech Republic"]
[Date "2019.01.06"]
[Round "5.7"]
[White "Filipi, Stepan"]
[Black "Novotny, Michal"]
[Result "1/2-1/2"]
[WhiteElo "2212"]
[BlackElo "2328"]
[PlyCount "52"]
[EventDate "2018.10.21"]
[EventType "team-tourn"]
[EventRounds "11"]
[EventCountry "CZE"]
[SourceTitle "CBM 188 Extra"]
[Source "ChessBase"]
[SourceDate "2019.02.26"]
[SourceVersion "1"]
[SourceVersionDate "2019.02.26"]
[SourceQuality "1"]
[WhiteTeam "Vysehrad"]
[BlackTeam "Ceske Budejovice"]
[WhiteTeamCountry "CZE"]
[BlackTeamCountry "CZE"]

1. e4 e6 2. d4 d5 3. Nc3 Bb4 4. exd5 exd5 5. Qf3 Qe7+ 6. Nge2 Nc6 7. Qe3 Bf5 8. Qxe7+ Ngxe7 9. Bf4 Bxc2 10. Bxc7 Rc8 11. Bf4 0-0 12. Rc1 Bg6 13. g3 Be4 14. Rg1 Nf5 15. Be3 Rfe8 16. Bh3 Ncxd4 17. Nxd4 Nxd4 18. Bxc8 Nf3+ 19. Kf1 Rxc8 20. Nxe4 Rxc1+ 21. Bxc1 Nxg1 22. Ng5 f6 23. Kxg1 fxg5 24. Bxg5 Bc5 25. Kf1 Kf7 26. Ke2 Ke6 1/2-1/2

[Event "CZE-chT1W 1718"]
[Site "Czech Republic"]
[Date "2018.03.25"]
[Round "10.1"]
[White "Petr, Jakub"]
[Black "Filipi, Stepan"]
[Result "0-1"]
[WhiteElo "2144"]
[BlackElo "2183"]
[PlyCount "94"]
[EventDate "2017.10.29"]
[EventType "team-tourn"]
[EventRounds "11"]
[EventCountry "CZE"]
[SourceTitle "EXT 2019"]
[Source "ChessBase"]
[SourceDate "2018.10.10"]
[SourceVersion "1"]
[SourceVersionDate "2018.10.10"]
[SourceQuality "1"]
[WhiteTeam "Praha Bohemians"]
[BlackTeam "Vysehrad"]
[WhiteTeamCountry "CZE"]
[BlackTeamCountry "CZE"]

1. e4 c5 2. Nf3 e6 3. d4 cxd4 4. Nxd4 a6 5. Nc3 Qc7 6. Qd3 Nf6 7. Qg3 d6 8. Be3 Nbd7 9. Bd3 b5 10. a3 Bb7 11. 0-0-0 Ne5 12. f3 Rc8 13. Kb1 h5 14. h4 Be7 15. Bxb5+ axb5 16. Ndxb5 Qa5 17. Nxd6+ Bxd6 18. Rxd6 Nc4 19. Qxg7 Rg8 20. Rxe6+ fxe6 21. Qxf6 Qe5 22. Qxe5 Nxe5 23. Bg5 Nf7 24. f4 Nd6 25. Re1 Rxc3 26. bxc3 Nxe4 27. Kb2 Kf7 28. g3 Rb8 29. Re3 Bd5+ 30. Kc1 Nd6 31. c4 Nxc4 32. Rb3 Ra8 33. Kd1 Kg6 34. Ke2 Nxa3 35. Rc3 Nb5 36. Rc5 Ra3 37. c4 Nd4+ 38. Kf2 Rc3 39. Rc8 Rxc4 40. Rf8 Nf5 41. Bf6 Rc2+ 42. Ke1 Nxg3 43. Be5 Nf5 44. Rg8+ Kf7 45. Rh8 Bf3 46. Kf1 Ne3+ 47. Ke1 Re2# 0-1

[Event "CZE-chT2A 1718"]
[Site "Czech Republic"]
[Date "2018.01.14"]
[Round "6.5"]
[White "Kratky, Josef"]
[Black "Filipi, Stepan"]
[Result "0-1"]
[WhiteElo "2062"]
[BlackElo "2173"]
[PlyCount "22"]
[EventDate "2017.10.15"]
[EventType "team-tourn"]
[EventRounds "11"]
[EventCountry "CZE"]
[SourceTitle "EXT 2022"]
[Source "ChessBase"]
[SourceDate "2021.10.06"]
[SourceVersion "1"]
[SourceVersionDate "2021.10.06"]
[SourceQuality "1"]
[WhiteTeam "Praha Bohemians II"]
[BlackTeam "Vysehrad II"]
[WhiteTeamCountry "CZE"]
[BlackTeamCountry "CZE"]

1. e4 c5 2. Nf3 e6 3. d4 cxd4 4. Nxd4 a6 5. Nc3 Qc7 6. Be3 Bb4 7. Qd2 Nf6 8. Bd3 d5 9. f3 e5 10. Nf5 Bxf5 11. exf5 d4 0-1

[Event "CZE-chT2A 1718"]
[Site "Czech Republic"]
[Date "2017.10.15"]
[Round "1.5"]
[White "Filipi, Stepan"]
[Black "Folk, Petr"]
[Result "1-0"]
[WhiteElo "2173"]
[BlackElo "2172"]
[PlyCount "101"]
[EventDate "2017.10.15"]
[EventType "team-tourn"]
[EventRounds "11"]
[EventCountry "CZE"]
[SourceTitle "EXT 2022"]
[Source "ChessBase"]
[SourceDate "2021.10.06"]
[SourceVersion "1"]
[SourceVersionDate "2021.10.06"]
[SourceQuality "1"]
[WhiteTeam "Vysehrad II"]
[BlackTeam "Kozolupy"]
[WhiteTeamCountry "CZE"]
[BlackTeamCountry "CZE"]

1. e4 c5 2. Nf3 Nc6 3. d4 cxd4 4. Nxd4 Nf6 5. Nc3 e5 6. Ndb5 d6 7. Bg5 a6 8. Na3 b5 9. Bxf6 gxf6 10. Nd5 Bg7 11. g3 f5 12. Bg2 fxe4 13. Bxe4 Be6 14. 0-0 0-0 15. Ne3 Qd7 16. c4 Rab8 17. cxb5 axb5 18. Nac2 f5 19. Bd5 Ne7 20. f4 Nxd5 21. Nxd5 e4 22. Qd2 Bxb2 23. Rab1 Bg7 24. Ncb4 Kh8 25. Kg2 Rfc8 26. Rbc1 Rc5 27. Rfd1 Qb7 28. Ne3 Rbc8 29. Rxc5 dxc5 30. Qd6 Qf7 31. Nc6 Bf8 32. Qe5+ Bg7 33. Qd6 Bf8 34. Qe5+ Bg7 35. Qd6 Rxc6 36. Qxc6 Bd4 37. Re1 b4 38. h3 Bxe3 39. Rxe3 Qe7 40. Re2 c4 41. g4 c3 42. a3 bxa3 43. Qxc3+ Qg7 44. Qxa3 fxg4 45. h4 Qd4 46. f5 Bc4 47. Qf8+ Bg8 48. f6 Qd7 49. Qe7 Be6 50. Rf2 Kg8 51. f7+ 1-0

[Event "CZE-chT2C 1617"]
[Site "Czech Republic"]
[Date "2017.04.02"]
[Round "11.3"]
[White "Filipi, Stepan"]
[Black "Gdovin, Jan"]
[Result "1-0"]
[WhiteElo "2183"]
[BlackElo "2038"]
[PlyCount "71"]
[EventDate "2016.10.09"]
[EventType "team-tourn"]
[EventRounds "11"]
[EventCountry "CZE"]
[SourceTitle "EXT 2022"]
[Source "ChessBase"]
[SourceDate "2021.10.06"]
[SourceVersion "1"]
[SourceVersionDate "2021.10.06"]
[SourceQuality "1"]
[WhiteTeam "Vysehrad II"]
[BlackTeam "Pisek"]
[WhiteTeamCountry "CZE"]
[BlackTeamCountry "CZE"]

1. e4 e6 2. Nf3 d5 3. e5 c5 4. b4 b6 5. c3 Nh6 6. bxc5 bxc5 7. Bd3 Nf5 8. Bc2 h5 9. d3 Be7 10. h4 Bd7 11. g3 Nc6 12. 0-0 g6 13. Re1 Kf8 14. Bg5 Bxg5 15. Nxg5 Kg7 16. d4 cxd4 17. Bxf5 exf5 18. cxd4 Be6 19. Nc3 Qb6 20. Ne2 Rab8 21. Rb1 Qa6 22. Nf4 Rhe8 23. Rxb8 Nxb8 24. Qd2 Nc6 25. Rb1 Re7 26. Kg2 Qc4 27. Rd1 Bd7 28. Nf3 Be6 29. Rc1 Qa6 30. Qc3 Nd8 31. Qc5 Rd7 32. Rc2 Rb7 33. Ng5 Bd7 34. Qe7 Ba4 35. Nfe6+ Nxe6 36. Qf6+ 1-0

[Event "CZE-chT2C 1617"]
[Site "Czech Republic"]
[Date "2016.12.11"]
[Round "5.4"]
[White "Filipi, Stepan"]
[Black "Loskot, Petr"]
[Result "1/2-1/2"]
[WhiteElo "2183"]
[BlackElo "2086"]
[PlyCount "70"]
[EventDate "2016.10.09"]
[EventType "team-tourn"]
[EventRounds "11"]
[EventCountry "CZE"]
[SourceTitle "EXT 2022"]
[Source "ChessBase"]
[SourceDate "2021.10.06"]
[SourceVersion "1"]
[SourceVersionDate "2021.10.06"]
[SourceQuality "1"]
[WhiteTeam "Vysehrad II"]
[BlackTeam "Tabor"]
[WhiteTeamCountry "CZE"]
[BlackTeamCountry "CZE"]

1. e4 e6 2. Nf3 d5 3. e5 c5 4. b4 b6 5. a3 Ne7 6. c3 c4 7. d4 h6 8. Be2 Nf5 9. g4 Nh4 10. Nxh4 Qxh4 11. Bf4 Bd7 12. Bg3 Qd8 13. Nd2 a5 14. Nf1 Be7 15. h4 Qc8 16. Ne3 axb4 17. axb4 Rxa1 18. Qxa1 Qa6 19. Qb2 Bb5 20. f4 Kd7 21. Kf2 Qb7 22. Bf3 Na6 23. f5 Nc7 24. Bf4 Ra8 25. g5 hxg5 26. hxg5 Qa6 27. f6 Bf8 28. fxg7 Bxg7 29. Rh7 Qa2 30. Qxa2 Rxa2+ 31. Kg3 Ne8 32. Ng4 Ke7 33. Nf6 Kf8 34. Nxe8 Bxe8 35. Rh2 Rxh2 1/2-1/2

[Event "CZE-chT2C 1617"]
[Site "Czech Republic"]
[Date "2016.10.30"]
[Round "2.5"]
[White "Filipi, Stepan"]
[Black "Soucek, Milan"]
[Result "1-0"]
[WhiteElo "2183"]
[BlackElo "2039"]
[PlyCount "53"]
[EventDate "2016.10.09"]
[EventType "team-tourn"]
[EventRounds "11"]
[EventCountry "CZE"]
[SourceTitle "EXT 2022"]
[Source "ChessBase"]
[SourceDate "2021.10.06"]
[SourceVersion "1"]
[SourceVersionDate "2021.10.06"]
[SourceQuality "1"]
[WhiteTeam "Vysehrad II"]
[BlackTeam "Kolin"]
[WhiteTeamCountry "CZE"]
[BlackTeamCountry "CZE"]

1. e4 e6 2. Nf3 d5 3. e5 c5 4. b4 cxb4 5. a3 Nc6 6. axb4 Bxb4 7. c3 Be7 8. d4 Bd7 9. Bd3 f5 10. h4 Nh6 11. Bxh6 gxh6 12. Qd2 Kf7 13. Qxh6 Qg8 14. Ng5+ Bxg5 15. hxg5 Qg6 16. f4 a6 17. Nd2 b6 18. Rxa6 Rxa6 19. Bxa6 Ra8 20. Qxh7+ Qxh7 21. Rxh7+ Kg6 22. Rxd7 Rxa6 23. Rd6 Ra1+ 24. Kf2 Ra2 25. Rxe6+ Kf7 26. Rxc6 Rxd2+ 27. Kg3 1-0

[Event "CZE-chT2A 1516"]
[Site "Czech Republic"]
[Date "2016.04.17"]
[Round "11.3"]
[White "Palek, Miroslav"]
[Black "Filipi, Stepan"]
[Result "1/2-1/2"]
[WhiteElo "2200"]
[BlackElo "2156"]
[PlyCount "78"]
[EventDate "2015.10.18"]
[EventType "team-tourn"]
[EventRounds "11"]
[EventCountry "CZE"]
[SourceTitle "EXT 2022"]
[Source "ChessBase"]
[SourceDate "2021.10.06"]
[SourceVersion "1"]
[SourceVersionDate "2021.10.06"]
[SourceQuality "1"]
[WhiteTeam "Line"]
[BlackTeam "Vysehrad II"]
[WhiteTeamCountry "CZE"]
[BlackTeamCountry "CZE"]

1. e4 c5 2. Nf3 e6 3. Nc3 a6 4. g3 Qc7 5. Bg2 d6 6. 0-0 Nf6 7. d3 Nc6 8. Re1 Be7 9. Bf4 e5 10. Bg5 Be6 11. Bxf6 Bxf6 12. Nd5 Bxd5 13. exd5 Ne7 14. c3 0-0 15. Nd2 Ng6 16. h4 Rfe8 17. Qf3 h6 18. Rac1 Rad8 19. Ne4 Be7 20. h5 Nf8 21. Bh3 Nh7 22. Bf5 Rf8 23. Rc2 Rde8 24. Rce2 Ng5 25. Nxg5 Bxg5 26. Be4 g6 27. hxg6 fxg6 28. Qg4 Kg7 29. d4 Qc8 30. Qxc8 Rxc8 31. dxe5 dxe5 32. d6 Rcd8 33. Bxb7 Rxd6 34. Rxe5 Rb6 35. Bg2 Rxb2 36. f4 Bf6 37. Rxc5 Rf7 38. Bf3 Rc2 39. Be4 Rxc3 1/2-1/2

[Event "CZE-chT rap"]
[Site "Pardubice"]
[Date "2015.07.19"]
[Round "6.5"]
[White "Filipi, Stepan"]
[Black "Tomazini, Aljosa"]
[Result "1/2-1/2"]
[WhiteElo "2255"]
[BlackElo "2309"]
[PlyCount "81"]
[EventDate "2015.07.16"]
[EventType "team-swiss"]
[EventRounds "7"]
[EventCountry "CZE"]
[SourceTitle "CBM 167 Extra"]
[Source "ChessBase"]
[SourceDate "2015.09.14"]
[SourceVersion "1"]
[SourceVersionDate "2015.09.14"]
[SourceQuality "1"]

1. e4 d6 2. d4 Nf6 3. Nc3 Nbd7 4. Nf3 e5 5. Be2 Be7 6. 0-0 0-0 7. Re1 c6 8. a4 Re8 9. Bf1 Qc7 10. h3 Nf8 11. a5 Ng6 12. b4 d5 13. Rb1 Nxe4 14. Nxe4 dxe4 15. Rxe4 Bf5 16. Re1 Rad8 17. Bd3 Bxd3 18. Qxd3 exd4 19. Nxd4 Bxb4 20. Rxe8+ Rxe8 21. Be3 Bxa5 22. Nf5 Bb6 23. Qd6 Qc8 24. Bxb6 axb6 25. g4 b5 26. Qd4 Ne5 27. Kg2 Qd8 28. Qc5 b6 29. Qc3 Qd5+ 30. Kg3 f6 31. Re1 g6 32. Nh6+ Kf8 33. Qe3 Qc5 34. Qf4 Nd7 35. Rd1 Re7 36. Kg2 Qg5 37. Qc7 Qxh6 38. Rxd7 Rxd7 39. Qxd7 Qf4 40. Qxc6 b4 41. Qxb6 1/2-1/2

[Event "CZE-chT rap"]
[Site "Pardubice"]
[Date "2015.07.17"]
[Round "3.2"]
[White "Filipi, Stepan"]
[Black "Simacek, Pavel"]
[Result "0-1"]
[WhiteElo "2255"]
[BlackElo "2454"]
[PlyCount "64"]
[EventDate "2015.07.16"]
[EventType "team-swiss"]
[EventRounds "7"]
[EventCountry "CZE"]
[SourceTitle "CBM 167 Extra"]
[Source "ChessBase"]
[SourceDate "2015.09.14"]
[SourceVersion "1"]
[SourceVersionDate "2015.09.14"]
[SourceQuality "1"]

1. e4 e5 2. Nf3 Nc6 3. Bb5 Nf6 4. 0-0 Nxe4 5. d4 a6 6. Ba4 b5 7. Bb3 d5 8. dxe5 Be6 9. c3 Bc5 10. Nbd2 0-0 11. Nxe4 dxe4 12. Ng5 Bxb3 13. axb3 e3 14. Qxd8 exf2+ 15. Kh1 Rfxd8 16. Ne4 Bb6 17. Bf4 Re8 18. Nxf2 Nxe5 19. h3 f6 20. Bg3 Nc6 21. Rfe1 Na5 22. Rxe8+ Rxe8 23. b4 Nc4 24. Nd1 Rd8 25. b3 Nd2 26. Nf2 Re8 27. Ng4 Re2 28. c4 Nxb3 29. Rxa6 bxc4 30. Ra8+ Kf7 31. Bxc7 Bxc7 32. Ra7 Re1# 0-1

[Event "CZE-chT2C 1415"]
[Site "Czech Republic"]
[Date "2015.03.29"]
[Round "10.5"]
[White "Filipi, Stepan"]
[Black "Umanec, Filip"]
[Result "0-1"]
[WhiteElo "2122"]
[BlackElo "2290"]
[PlyCount "92"]
[EventDate "2014.11.02"]
[EventType "team-tourn"]
[EventRounds "11"]
[EventCountry "CZE"]
[SourceTitle "EXT 2022"]
[Source "ChessBase"]
[SourceDate "2021.10.06"]
[SourceVersion "1"]
[SourceVersionDate "2021.10.06"]
[SourceQuality "1"]
[WhiteTeam "Vysehrad II"]
[BlackTeam "Praha Grop"]
[WhiteTeamCountry "CZE"]
[BlackTeamCountry "CZE"]

1. e4 d6 2. d4 Nf6 3. Nc3 Nbd7 4. Nf3 e5 5. Be2 Be7 6. 0-0 0-0 7. Re1 c6 8. a4 b6 9. Bg5 a6 10. dxe5 dxe5 11. Qd2 Qc7 12. Nh4 Nc5 13. Bf1 Rd8 14. Qe2 Ne6 15. Nf3 Nd4 16. Nxd4 exd4 17. e5 Ng4 18. Bxe7 Qxe7 19. Nd1 Re8 20. f4 Be6 21. Ra3 Qc5 22. Kh1 Bf5 23. Rg3 Nf6 24. Nf2 Nd5 25. Ne4 Nxf4 26. Qf3 Bxe4 27. Rxe4 Ng6 28. e6 Rxe6 29. Rxe6 fxe6 30. Bd3 Rf8 31. Qg4 Qe5 32. h3 Rf4 33. Qd1 b5 34. axb5 axb5 35. Rf3 Qf6 36. Be4 Rxf3 37. Bxf3 e5 38. Qe1 Ne7 39. Qa5 g6 40. Qd8+ Kg7 41. Qd7 e4 42. Be2 Kf7 43. b3 Qe5 44. Qa7 Qg3 45. Qa1 Qf2 46. Qd1 Nf5 0-1